000 00368nam a2200157Ia 4500
008 221030s9999 xx 000 0 und d
020 _a8126121505
041 _aEnglish
082 _a105.23
_bPat
100 _aM. K. Patel
245 0 _aCase Studies On HRD Practices
260 _bAnmol Pub
_aNew Delhi
_c2005
300 _a241
650 _aCase Study
942 _cBK
999 _c1669
_d1669